Visualizzazione normale
Vista MARC
- Getz Stan
di Personal Name
Records bibliografici associati: 1
001 - CONTROL NUMBER
- control field: 28751
003 - CONTROL NUMBER IDENTIFIER
- control field: IT-RoPau
005 - DATE AND TIME OF LATEST TRANSACTION
- control field: 20140610220458.0
008 - FIXED-LENGTH DATA ELEMENTS
- fixed length control field: 140610|| aca||aabn | a|a d
040 ## - CATALOGING SOURCE
- Original cataloging agency: IT-RoPau
- Transcribing agency: IT-RoPau
100 ## - HEADING--PERSONAL NAME
- Personal name: Getz Stan
- Miscellaneous information: Codice autore musica SPICS: 10710
- Relator term: Autore musica
- Name of part/section of a work: Sweetie Pie
670 ## - SOURCE DATA FOUND
- Source citation: Work cat.: (IT-RoPau)99355: AA.VV. 794, Sweetie Pie